Los refunfuños

Guardat en:
Dades bibliogràfiques
Autors principals: Lafourcade Valdenegro, Enrique (autor), Lafourchette Henri de (Autor)
Format: Llibre
Idioma:espanyol
Publicat: Santiago Bruguera 1983
Edició:1a. ed
Col·lecció:Colección Naranja
Matèries:
Etiquetes: Afegir etiqueta
Sense etiquetes, Sigues el primer a etiquetar aquest registre!

MARC

LEADER 00000cam a2200000 a 4500
001 UCE9722
003 CL-VaPUC
008 151106e19830000cl |||||||||||||||||spa|d
082 0 4 |a Ch863  |b LAF  |2 21 
100 |a Lafourcade Valdenegro, Enrique  |e autor  |9 543407 
700 0 |a Lafourchette Henri de  |e author  |9 582613 
245 1 4 |a Los refunfuños 
250 |a 1a. ed 
300 |a 227 p 
942 |c BK 
945 |d 20151106 14:16:00  |a dcastane 
260 |a Santiago  |b Bruguera  |c 1983 
650 0 |a Novelas chilenas   |9 265425 
650 0 |a Literatura chilena   |9 308278 
583 |a last modification  |c 20151106 14:16:00  |k Rodrigo Vera 
490 0 |a Colección Naranja 
999 |c 361367  |d 361365 
952 |0 0  |1 0  |3 erb  |4 0  |6 CH_863_000000000000000_LAF_1983  |7 0  |8 A  |9 471809  |a BIBEDU  |b BIBEDU  |i 521033K  |o Ch863 LAF 1983  |p 521033K  |r 2019-11-24  |w 2019-11-24  |y BK  |z Catalogado en:20151106  |k EDU